The Lean startup: how today's entrepreneurs use continuos innovation to create radically successful businesses
-д хадгалсан:
| Үндсэн зохиолч: | |
|---|---|
| Формат: | Ном |
| Хэл сонгох: | англи |
| Хэвлэсэн: |
Nueva York
Crown Business
2011
|
| Хэвлэл: | 1a. ed |
| Нөхцлүүд: | |
| Шошгууд: |
Шошго нэмэх
Шошго байхгүй, Энэхүү баримтыг шошголох эхний хүн болох!
|
MARC
| LEADER | 00000cam a2200000 a 4500 | ||
|---|---|---|---|
| 001 | UCE9028 | ||
| 003 | CL-VaPUC | ||
| 008 | 150928e20110000us |||||||||||||||||eng|d | ||
| 020 | |a 9780307887894 | ||
| 082 | 0 | 4 | |a 658.11 |b RIE |2 21 |
| 100 | 0 | |a Ries, Eric |e author |9 581740 | |
| 245 | 1 | 4 | |a The Lean startup: how today's entrepreneurs use continuos innovation to create radically successful businesses |
| 250 | |a 1a. ed | ||
| 300 | |a 320 p | ||
| 942 | |c BK | ||
| 945 | |d 20150928 14:02:00 |a dcastane | ||
| 260 | |a Nueva York |b Crown Business |c 2011 | ||
| 650 | 0 | |a Empresas |9 255569 | |
| 650 | 0 | |a Consumidores |9 315658 | |
| 650 | 0 | |a Efectividad organizacional |9 312773 | |
| 583 | |a last modification |c 20150928 14:02:00 |k Rodrigo Vera | ||
| 999 | |c 360767 |d 360765 | ||
| 952 | |0 0 |1 0 |3 erd |4 0 |6 658_110000000000000_RIE_2011 |7 0 |8 A |9 470715 |a BIBING |b BIBING |i 5199751 |o 658.11 RIE 2011 |p 5199751 |r 2025-01-20 |w 2019-11-23 |y BK |z Catalogado en:20150928 |k EII | ||
| 952 | |0 0 |1 0 |3 erd |4 0 |6 658_110000000000000_RIE_2011 |7 0 |8 A |9 470716 |a BIBING |b BIBING |i 519976K |l 2 |m 3 |o 658.11 RIE 2011 |p 519976K |q 2025-05-12 |r 2025-04-28 |s 2025-04-28 |w 2019-11-23 |y BK |z Catalogado en:20150928 |k EII | ||
| 952 | |0 0 |1 0 |3 erd |4 0 |6 658_110000000000000_RIE_2011 |7 0 |8 A |9 470717 |a BIBING |b BIBING |i 5199778 |o 658.11 RIE 2011 |p 5199778 |r 2025-01-20 |w 2019-11-23 |y BK |z Catalogado en:20150928 |k EII | ||